书目信息 |
| 题名: |
煤炭行业标准汇编
|
|
| 作者: | 姜英 主编 ;全国煤炭标准化技术委员会 编 | |
| 分册: | 煤质、检测、加工、利用卷 | |
| 出版信息: | 北京 化学工业出版社 2006 |
|
| 页数: | 715页 | |
| 开本: | 29cm | |
| 丛书名: | ||
| 单 册: | ||
| 中图分类: | TD82-65 | |
| 科图分类: | ||
| 主题词: | 煤炭工业--标准--中国--汇编 , 煤炭工业 | |
| 电子资源: | ||
| ISBN: | 7-5025-9214-8 | |
| 000 | 01095nam0 2200253 450 | |
| 001 | 012007576081 | |
| 005 | 20070523090244.95 | |
| 010 | @a7-5025-9214-8@dCNY198.00 | |
| 100 | @a20070515d2006 km y0chiy0120 ea | |
| 101 | 0 | @achi |
| 102 | @aCN@b110000 | |
| 105 | @aa l 000yy | |
| 106 | @ar | |
| 200 | 1 | @a煤炭行业标准汇编@Amei tan hang ye biao zhun hui bian@i煤质、检测、加工、利用卷@f姜英主编@Fjiang ying zhu bian@g全国煤炭标准化技术委员会编@Gquan guo mei tan biao zhun hua ji shu wei yuan hui bian |
| 210 | @a北京@c化学工业出版社@d2006 | |
| 215 | @a715页@c图@d29cm | |
| 330 | @a本书汇编了截止到2006年7月所有最新复审确认、最新制定与修订的煤炭行业标准共计140项,标准内容涉及煤质评价与管理、煤炭检测、煤质仪器、选煤技术、煤田地质勘察、煤矿环保与废弃物资源化、煤矿节能和煤加工与伴生矿物等方面。 | |
| 606 | 0 | @a煤炭工业@x标准@y中国@j汇编 |
| 606 | 0 | @a煤炭工业 |
| 690 | @aTD82-65@v4 | |
| 701 | 0 | @a姜英@Ajiang ying@c(电力工业)@4主编 |
| 712 | 02 | @a全国煤炭标准化技术委员会@Aquan guo mei tan biao zhun hua ji shu wei yuan hui@4编 |
| 801 | 02 | @aCN@bRULIN@c20070523 |
| 905 | @dTD82-65@e17@s3 | |
| 煤炭行业标准汇编.煤质、检测、加工、利用卷/姜英主编/全国煤炭标准化技术委员会编.-北京:化学工业出版社,2006 |
| 715页:图;29cm |
| ISBN 7-5025-9214-8:CNY198.00 |
| 本书汇编了截止到2006年7月所有最新复审确认、最新制定与修订的煤炭行业标准共计140项,标准内容涉及煤质评价与管理、煤炭检测、煤质仪器、选煤技术、煤田地质勘察、煤矿环保与废弃物资源化、煤矿节能和煤加工与伴生矿物等方面。 |
| ● |
| 相关链接 |
|
|
|
|
正题名:煤炭行业标准汇编
索取号:TD82-65/17
 
预约/预借
| 序号 | 登录号 | 条形码 | 馆藏地/架位号 | 状态 | 备注 |
| 1 | 0577136 | 205771360 | 第二样本阅览室/ [索取号:TD82-65/17] | 在馆 | |
| 2 | 0577137 | 205771379 | 第三借阅区/ [索取号:TD82-65/17] | 在馆 | |
| 3 | 0577138 | 205771388 | 第三借阅区/ [索取号:TD82-65/17] | 在馆 |